| 000 | 03369cam a2200469Ia 4500 | ||
|---|---|---|---|
| 001 | 967782029 | ||
| 003 | OCoLC | ||
| 005 | 20241110175335.0 | ||
| 006 | m o d | ||
| 007 | cr cn||||||||| | ||
| 008 | 170106s2017 nyua ob 000 0 eng d | ||
| 020 | _a9780071847704 | ||
| 020 | _a0071847707 | ||
| 035 | _a(OCoLC)967782029 | ||
| 040 |
_aVTM _beng _cVTM _dVTM _dOCLCO _dYYE |
||
| 049 |
_aYYEA _aVZYM |
||
| 080 |
_a616.8 _bW-35 |
||
| 096 | _aWL 100 W356c 2017 | ||
| 100 | 1 | _aWaxman, Stephen G. | |
| 245 | 1 | 0 |
_aClinical neuroanatomy / _cStephen G. Waxman. |
| 250 | _a28th ed. | ||
| 260 |
_aNew York : _bMcGraw-Hill Education, _c2017 |
||
| 300 |
_a(xi, 362 pages) : _billustrations. |
||
| 365 | _b52.78 usd | ||
| 500 | _a"A Lange medical book." | ||
| 500 | _aISSN: 0892-1237. | ||
| 500 | _aEINSTEIN & MMC: available online via AccessMedicine. See Reference staff for assistance. | ||
| 500 | _aEINSTEIN: available online via AccessNeurology. See Reference staff for assistance. | ||
| 504 | _aIncludes bibliographic references. | ||
| 505 | 0 | _aSection I: Basic principles -- Fundamentals of the nervous system -- Development and cellular constituents of the nervous system -- Signaling in the nervous system -- Section II: Introduction to clinical thinking -- The relationship between nuroanatomy and neurology -- Section III: Spinal cord and spine -- The spinal cord -- The vertebral column and other structures surrounding the spinal cord -- Section IV: Anatomy of the brain -- The brain stem and cerebellum -- Cranial nerves and pathways -- Diencephalon -- Cerebral hemispheres/Telencephalon -- Ventricles and coverings of the brain -- Vascular supply of the brain -- Section V: Functional systems -- Control of movement -- Somatosensory systems -- The visual system -- The auditory system -- The vestibular system -- The reticular formation -- The limbic system -- The autonomic nervous system -- Higher cortical functions -- Section VI: Diagnostic aids -- Imagining of the brain -- Electrodiagnostic tests -- Cerebrospinal fluid examination -- Section VII: Discussion of cases -- Discussion of cases -- Appendix A: The neruologic examination -- Appendix B: Testing muscle function -- Appendix C: Spinal nerves and plexuses -- Appendix D: Questions and answers. | |
| 520 | _a"Clinical Neuroanatomy, Twenty-Eight Edition offers and accessible, easy-to-remember synopsis ofneuroanatomy and its functional and clinical implications. Since many of us learn and remember better when material is presented visually, this accliamed resource incldes not only clinical mateiral such as brain scans and pathololgical specimens, but also hundreds of diagrams and tables that are designed to be clear and memorable." -- Back cover. | ||
| 588 | _aDescription based on print version record. | ||
| 590 | _ac.1 10071143 Ritt 4/5/17 $69.00. | ||
| 650 | 2 |
_aNervous System _xanatomy & histology. |
|
| 650 | 0 |
_aNeurology _9100 |
|
| 650 | 2 |
_aNervous System Diseases _xdiagnosis. |
|
| 653 | _aნერვული სისტემა | ||
| 653 | _aნერვოლოგია | ||
| 653 | _aნერვული სისტემის ანატომია | ||
| 776 | 0 | 8 |
_iPrint version: _aWaxman, Stephen G. _tClinical neuroanatomy. _b28th edition. _dNew York : McGraw-Hill Education, [2017] _z9780071847704 _w(OCoLC)955009092. |
| 942 |
_2udc _cBK _e28 |
||
| 999 |
_c34 _d34 |
||